University Home | Library Home | Institutional Repository

ABC of dialectical and historical materialism / (Record no. 131780)

MARC details
000 -LEADER
fixed length control field 00956cam8a220030100 4500
001 - CONTROL NUMBER
control field lce00319171
008 - FIXED-LENGTH DATA ELEMENTS--GENERAL INFORMATION
fixed length control field 770830s1976 ru b 000 0 eng
010 ## - LIBRARY OF CONGRESS CONTROL NUMBER
LC control number 77364819
015 ## - NATIONAL BIBLIOGRAPHY NUMBER
National bibliography number USSR***
020 ## - INTERNATIONAL STANDARD BOOK NUMBER
Terms of availability 2.29rub
035 ## - SYSTEM CONTROL NUMBER
System control number (Sirsi) r93713
035 ## - SYSTEM CONTROL NUMBER
System control number (DLC) 77364819
035 ## - SYSTEM CONTROL NUMBER
System control number (UPRA)lce00319171
040 ## - CATALOGING SOURCE
Modifying agency UPRA
041 1# - LANGUAGE CODE
Language code of text/sound track or separate title eng rus
Language code of original eng rus
050 0# - LIBRARY OF CONGRESS CALL NUMBER
Classification number B809.8
Item number .A17
082 ## - DEWEY DECIMAL CLASSIFICATION NUMBER
Classification number 146/.3
245 00 - TITLE STATEMENT
Title ABC of dialectical and historical materialism /
Statement of responsibility, etc. [translated from the Russian by Lenina Ilitskaya].
260 ## - PUBLICATION, DISTRIBUTION, ETC.
Place of publication, distribution, etc. Moscow :
Name of publisher, distributor, etc. Progress Publishers,
Date of publication, distribution, etc. 1976.
500 ## - GENERAL NOTE
General note Spine title: Dialectical and historical materialism.
504 ## - BIBLIOGRAPHY, ETC. NOTE
Bibliography, etc. note Includes bibliographical references.
650 #0 - SUBJECT ADDED ENTRY--TOPICAL TERM
Topical term or geographic name entry element Dialectical materialism.
Linkage S3123.1
650 #0 - SUBJECT ADDED ENTRY--TOPICAL TERM
Topical term or geographic name entry element Historical materialism.
Linkage S5845.1
740 0# - ADDED ENTRY--UNCONTROLLED RELATED/ANALYTICAL TITLE
Uncontrolled related/analytical title Dialectical and historical materialism.
949 ## - LOCAL PROCESSING INFORMATION (OCLC)
a B809.8
w lcc
m MAIN
t BOOK
l ON-SHELF
987 ## - LOCAL ROMANIZATION/CONVERSION HISTORY (OCLC)
Romanization/conversion identifier WITHDRAWN.

No items available.

© 2026 - The University of Zambia Library - Koha v25.11